[Event "SPICE Cup Open 2014"]
[Site "Saint Louis USA"]
[Date "2014.10.21"]
[Round "1.4"]
[White "Gurevich, Daniel"]
[Black "Nyzhnyk, Illya"]
[Result "1-0"]
[WhiteTitle "FM"]
[BlackTitle "GM"]
[WhiteElo "2314"]
[BlackElo "2613"]
[WhiteFideId "2044676"]
[BlackFideId "14118084"]
[EventDate "2014.10.21"]

1. e4 c5 2. Nf3 Nc6 3. d4 cxd4 4. Nxd4 Qb6 5. Nb3 Nf6 6. Nc3 e6 7. Bd3 d6 8. O-O
Be7 9. Kh1 Qc7 10. f4 a6 11. Qf3 h5 12. a4 h4 13. Be3 Bd7 14. a5 Nb4 15. Bb6 Qc8
16. e5 Bc6 17. Qh3 dxe5 18. fxe5 Nh5 19. Nd4 Nxd3 20. cxd3 Rh6 21. Nxc6 Qxc6 22.
Be3 Rh7 23. Ne4 Qb5 24. Rxf7 Kxf7 25. Rf1+ Nf6 26. exf6 Qxd3 27. Qf3 gxf6 28.
Nxf6 Bxf6 29. Qxf6+ Ke8 30. Qxe6+ Re7 31. Qg8+ Kd7 32. Qg4+ Kc6 33. Rc1+ Kd5 34.
Qh5+ Ke6 35. Re1 Rae8 36. Bc5+ Kd7 37. Bxe7 Rxe7 38. Rd1 Kc7 39. Qc5+ 1-0

[Event "SPICE Cup Open 2014"]
[Site "Saint Louis USA"]
[Date "2014.10.23"]
[Round "5.1"]
[White "Troff, Kayden W"]
[Black "Robson, Ray"]
[Result "1-0"]
[WhiteTitle "GM"]
[BlackTitle "GM"]
[WhiteElo "2532"]
[BlackElo "2628"]
[WhiteFideId "2047896"]
[BlackFideId "2023970"]
[EventDate "2014.10.21"]

1. d4 Nf6 2. c4 g6 3. Nc3 d5 4. Qb3 dxc4 5. Qxc4 Be6 6. Qb5+ Bd7 7. Qb3 c5 8.
dxc5 Bg7 9. Nf3 Na6 10. Qa3 Rc8 11. b4 Nd5 12. Nxd5 Bxa1 13. e4 Nc7 14. Bh6 Nxd5
15. exd5 a5 16. Be2 axb4 17. Qxb4 Qc7 18. O-O Qxc5 19. Qxc5 Rxc5 20. Rxa1 Rxd5
21. Bc4 Rc5 22. Bb3 e6 23. Bg7 Rg8 24. Bd4 Ra5 25. Ne5 Ba4 26. Rc1 Bxb3 27. Rc8+
Ke7 28. Rxg8 Bxa2 29. h3 Ra4 1-0

[Event "SPICE Cup Open 2014"]
[Site "Saint Louis USA"]
[Date "2014.10.25"]
[Round "7.1"]
[White "Troff, Kayden W"]
[Black "Nyzhnyk, Illya"]
[Result "0-1"]
[WhiteTitle "GM"]
[BlackTitle "GM"]
[WhiteElo "2532"]
[BlackElo "2613"]
[WhiteFideId "2047896"]
[BlackFideId "14118084"]
[EventDate "2014.10.21"]

1. d4 d5 2. c4 c6 3. Nf3 Nf6 4. e3 g6 5. Nc3 Bg7 6. Be2 O-O 7. O-O Bg4 8. h3
Bxf3 9. Bxf3 dxc4 10. b3 Qa5 11. Bd2 Qc7 12. bxc4 e5 13. dxe5 Nfd7 14. e6 fxe6
15. Rb1 Na6 16. Ne4 Ndc5 17. Nxc5 Nxc5 18. Bb4 Rfd8 19. Qc2 Nd3 20. Bc3 Bxc3 21.
Qxc3 Nc5 22. Qf6 Qf7 23. Qc3 Rd3 24. Qa5 Qe7 25. Rfd1 Rxd1+ 26. Rxd1 e5 27. e4
b6 28. Qd2 Re8 29. Bg4 h5 30. Be2 Kg7 31. Qc3 Qf6 32. Bf3 Rf8 33. a4 Rf7 34. a5
bxa5 35. Qa3 Ne6 36. Rd6 Qe7 37. c5 Nd4 38. Qe3 Rf6 39. Rxd4 exd4 40. Qxd4 Kh7
41. Be2 Rf8 42. e5 Re8 43. Bd3 Qxe5 44. Qd7+ Re7 45. Qxc6 Qe6 46. Qb5 Qe1+ 47.
Bf1 Rf7 48. f3 Qe3+ 49. Kh1 Rc7 50. c6 Qc1 51. f4 Qxc6 52. Qxa5 Qc1 53. Qb5 Qxf4
54. Kg1 Rc1 0-1

[Event "SPICE Cup Open 2014"]
[Site "Saint Louis USA"]
[Date "2014.10.26"]
[Round "9.2"]
[White "Durarbayli, Vasif"]
[Black "Naroditsky, Daniel"]
[Result "1/2-1/2"]
[WhiteTitle "GM"]
[BlackTitle "GM"]
[WhiteElo "2624"]
[BlackElo "2601"]
[WhiteFideId "13402935"]
[BlackFideId "2026961"]
[EventDate "2014.10.21"]

1. e4 e5 2. Nf3 Nc6 3. Be2 Nf6 4. d3 d5 5. Nbd2 Be7 6. c3 a5 7. O-O O-O 8. Re1
Re8 9. b3 Bc5 10. Bb2 dxe4 11. dxe4 Qe7 12. h3 Nh5 13. Bf1 Qf6 14. a3 Bxh3 15.
gxh3 Qg6+ 16. Kh1 Bxf2 17. Re2 Ng3+ 18. Kh2 Nxe2 19. Qxe2 Qg3+ 20. Kh1 Ne7 21.
Bg2 Bb6 22. Nf1 Qf4 23. Bc1 Qf6 24. Ng3 Ng6 25. Nf5 Nf4 26. Bxf4 exf4 27. Qc2 c6
28. e5 Rxe5 29. Nxe5 Qxe5 30. Rd1 g6 31. Nh6+ Kg7 32. Ng4 Qe7 33. c4 Rd8 34.
Qc3+ f6 35. Re1 Qd6 36. b4 Bd4 37. Qb3 a4 38. Qf3 f5 39. Nf2 Be3 40. Rd1 Qf6 41.
b5 cxb5 42. cxb5 b6 43. Nd3 Qc3 44. Qb7+ Kh6 1/2-1/2